| 000 | 02616cam a22005655i 4500 | ||
|---|---|---|---|
| 999 |
_c523566 _d523566 |
||
| 001 | 20785695 | ||
| 003 | NUST | ||
| 005 | 20190427093643.0 | ||
| 008 | 181218t20182018enkab 000 1 eng d | ||
| 010 | _a 2018377476 | ||
| 015 |
_aGBB883939 _2bnb |
||
| 016 | 7 |
_a018861436 _2Uk |
|
| 020 |
_a9780241332771 _qpaperback |
||
| 020 |
_a024133277X _qpaperback |
||
| 020 | _z9780141197449 (ePub ebook) | ||
| 035 | _a(OCoLC)on1020312496 | ||
| 038 | _aAZHAR | ||
| 040 |
_aYDX _beng _cYDX _erda _dBDX _dSINLB _dOCLCF _dCOO _dNYP _dYDX _dBKL _dNGU _dUKMGB _dDLC |
||
| 041 | 1 |
_aeng _hchi |
|
| 042 | _alccopycat | ||
| 043 | _aa-cc--- | ||
| 082 | 0 | 4 |
_a895.13/46 _223 |
| 100 | 1 |
_aLuo, Guanzhong, _dapproximately 1330-approximately 1400, _eauthor. _914224 |
|
| 240 | 1 | 0 |
_aSan guo zhi yan yi. _lEnglish |
| 245 | 1 | 4 |
_aThe romance of the three kingdoms / _cLuo Guanzhong ; translated by Martin Palmer ; assisted by He Yun, Jay Ramsay and Victoria Finlay. |
| 264 | 1 |
_aLondon : _bPenguin Books, _c2018. |
|
| 264 | 4 | _c©2018 | |
| 300 |
_axlv, 617 pages : _billustrations, map ; _c20 cm. |
||
| 336 |
_atext _btxt _2rdacontent |
||
| 336 |
_astill image _bsti _2rdacontent |
||
| 336 |
_acartographic image _bcri _2rdacontent |
||
| 337 |
_aunmediated _bn _2rdamedia |
||
| 338 |
_avolume _bnc _2rdacarrier |
||
| 490 | 1 |
_aPenguin Classics ; _v001 |
|
| 500 | _aTranslated from the Chinese. | ||
| 520 | _aA new translation and abridgement of one of the four classical Chinese novels - an epic story of warring factions in the era of China's Han dynasty. Part historical and part legend, The Romance of the Three Kingdoms dramatizes the lives of feudal lords and their retainers, recounting their personal and military battles, intrigues and struggles to achieve dominance for almost a hundred years. It is one of the most beloved works of East Asian literature, and the most famous historical novel in China. -- Publisher website. | ||
| 648 | 7 |
_a220-1644 _2fast _914225 |
|
| 650 | 0 |
_aChinese fiction _yMing dynasty, 1368-1644. _914226 |
|
| 650 | 7 |
_aChinese fiction _xMing dynasty. _2fast _0(OCoLC)fst01906858 _914227 |
|
| 651 | 0 |
_aChina _xHistory _yThree kingdoms, 220-265 _vFiction. _914228 |
|
| 651 | 7 |
_aChina. _2fast _0(OCoLC)fst01206073 _911415 |
|
| 655 | 7 |
_aFiction. _2fast _0(OCoLC)fst01423787 _914229 |
|
| 655 | 7 |
_aHistory. _2fast _0(OCoLC)fst01411628 _913777 |
|
| 700 | 1 |
_aPalmer, Martin, _eabridger, _etranslator. _914230 |
|
| 776 | 0 | 8 |
_iebook version : _z9780141197449 |
| 830 | 0 |
_aPenguin classics. _911658 |
|
| 906 |
_a0 _bibc _ccopycat _d2 _encip _f20 _gy-gencatlg |
||
| 942 |
_2ddc _cBK |
||